The little mermaid / (Record no. 21985)

000 -LEADER
fixed length control field 00569nam a22001577a 4500
003 - CONTROL NUMBER IDENTIFIER
control field OSt
005 - DATE AND TIME OF LATEST TRANSACTION
control field 20260126163920.0
008 - FIXED-LENGTH DATA ELEMENTS--GENERAL INFORMATION
fixed length control field 260126b xxua|||| |||| 00| 0 eng d
040 ## - CATALOGING SOURCE
Transcribing agency csu
100 ## - MAIN ENTRY--PERSONAL NAME
Personal name Concepcion, Ofelia E.
Relator term author.
245 ## - TITLE STATEMENT
Title The little mermaid /
Statement of responsibility, etc retold by Ofelia E. Concepcion; illustrated by Joey O. Cerio.
260 ## - PUBLICATION, DISTRIBUTION, ETC. (IMPRINT)
Place of publication, distribution, etc [Place of publication not identified]:
Name of publisher, distributor, etc [name of publisher not identified],
Date of publication, distribution, etc [date of publication not identified].
300 ## - PHYSICAL DESCRIPTION
Extent 24 pages :
Other physical details color illustrations.
700 ## - ADDED ENTRY--PERSONAL NAME
Personal name Cerio, Joey O.
Relator term illustrator.
942 ## - ADDED ENTRY ELEMENTS (KOHA)
Source of classification or shelving scheme
Koha item type Books
Holdings
Price effective from Permanent Location Date last seen Not for loan Date acquired Source of classification or shelving scheme Koha item type Lost status Withdrawn status Source of acquisition Collection code Damaged status Barcode Shelving location Current Location Full call number
2026-01-26Cagayan State University - Carig Library2026-01-26 2026-01-26 Books  DonationsChildren Section C001021Children SectionCagayan State University - Carig Library CS C1021 L7781

Cagayan State University University Library, Carig Campus
Tuguegarao City, Cagayan 3500 | www.csucarig.edu.ph

Powered by Koha